000 00461ntaaa2200181 4500
003 01
005 20251027202818.0
008 0714s1973 ag 01
040 _aAR-BaBN
_bspa
_cAR-BaBN
_eaacr
_dRIC
082 _a915.6900 H164
100 _aHale, S.A.
_928516
245 _aMi viaje por paises biblicos
250 _a1 ed.
260 _aEl Paso :
_bCasa Bautista de Publicaciones,
_c1926
300 _a454 p
650 _aBiblia-geografĂ­a
_99056
942 _cBK
999 _c23478
_d23478